Algebra y trigonometría
| Main Author: | |
|---|---|
| Format: | Section = Libro |
| Language: | Undetermined Spanish |
| Published: |
Colombia
McGraw-Hill
2000
|
| Edition: | 2a.ed. |
| Subjects: |
| LEADER | 00581nam a2200241Ia 4500 | ||
|---|---|---|---|
| 008 | 240829s9999 xx 000 0 und d | ||
| 020 | |a 958-41-0162-5 | ||
| 040 | |a BIBLIOTECA-RUSB/ 512.13 Z69 | ||
| 041 | |a spa | ||
| 082 | |a 512.13 Z69 | ||
| 100 | 1 | |a Zill, Dennis G. | |
| 245 | 1 | 0 | |a Algebra y trigonometría |
| 250 | |a 2a.ed. | ||
| 260 | |a Colombia |b McGraw-Hill |c 2000 | ||
| 300 | |a 657 p. :il. | ||
| 650 | 7 | |a LOGICA Y CONJUNTOS | |
| 650 | 7 | |b ALGEBRA | |
| 650 | 7 | |c FUNCIONES | |
| 650 | 7 | |d TRIGONOMETRIA | |
| 650 | 7 | |e GEOMETRIA | |
| 942 | |c BK |2 ddc | ||
| 991 | |a TEXTO | ||
| 999 | |c 1446 | ||